LIBRARY & INFORMATION CENTRE, KCAET, TAVANUR

ONLINE PUBLIC ACCESS CATALOGUE (OPAC)

underdevoloped Areas: A book of readings and research (Record no. 11163)

MARC details
000 -LEADER
fixed length control field 00368cam a2200145ua 4500
041 ## - LANGUAGE CODE
Language code of text/sound track or separate title eng
082 ## - DEWEY DECIMAL CLASSIFICATION NUMBER
Classification number 338.9
Item number SHA/UN
100 ## - MAIN ENTRY--AUTHOR NAME
Personal name Shannan, W. Iyle .
245 ## - TITLE STATEMENT
Title underdevoloped Areas: A book of readings and research
260 ## - PUBLICATION, DISTRIBUTION, ETC. (IMPRINT)
Place of publication New york :
Name of publisher Harper & Brothers Publishers ,
Year of publication 1957.
300 ## - PHYSICAL DESCRIPTION
Number of Pages 487 ; .
942 ## - ADDED ENTRY ELEMENTS (KOHA)
Koha item type Books
Holdings
Withdrawn status Lost status Damaged status Home library Current library Date acquired Full call number Accession Number Koha item type
Withdrawn     KAUAET Sanskrit University 07/04/2012 338.9 728 Books
free website counter